| 000 | 00593nam a2200229 a 4500 | ||
|---|---|---|---|
| 999 |
_c8295 _d8295 |
||
| 001 | 8295 | ||
| 003 | BD-JhCC | ||
| 005 | 20180220174657.0 | ||
| 008 | 180220s1959 i a|||| || | 001 0 eng d | ||
| 035 | _a(BD-JhCC)8295 | ||
| 040 |
_aBD-JhCC _dBD-JhCC |
||
| 041 | _aeng | ||
| 082 |
_a540 _bBAX 1959 |
||
| 100 | _aBaxter, John F. | ||
| 245 |
_aModern Chemistry / _cJohn F. Baxter and Luke E. Steiner |
||
| 260 |
_aNew Jersey : _bContinental Classroom, _c1959. |
||
| 300 |
_a278 p. : _bill. ; _c23 cm. |
||
| 504 | _aIncludes Index | ||
| 650 | _aChemistry | ||
| 942 |
_2ddc _cBK |
||